000 01844nam0a2200397 4500
001 RU\NLR\bibl\538607
005 20250609153115.0
010 _a5-7502-0181-3
_92000
021 _aRU
_b2004-6562
_9337
035 _aRSL-KNO-002407427
035 _a(NLR Aleph) 000530864
090 _a1352208
_c1352208
100 _a20040312d2003 |||y0rusy50 ca
101 1 _arus
_ceng
102 _aRU
105 _aa |||||||||
106 _ar
200 1 _aПроектирование и реализация баз данных Microsoft SQL Server 2000
_eУчеб. курс MCAD/MCSE, MCDBA
_eОфиц. пособие Microsoft для самостоят. подгот.
_eСертификац. экзамен 70-229
_f[Microsoft Corporation
_gПер. с англ. под общ. ред. В.Г. Вшивцева]
205 _a2-е изд., испр.
210 _aМ.
_cРус. ред.
_d2003
_eОАО Тип. Новости
215 _aXXIX,474,[2] с.
_cил.
_d24
225 1 _aОфициальное учебное пособие для самоподготовки
313 _aизд.2001г
320 _aПредм. указ.: с. 468-474
606 0 _aMICROSOFT SQL SERVER 2000, система управления базами данных
_jРуководства, пособия и т.п.
_92194032
_3RU\NLR\auth\661318734
606 0 _aMICROSOFT SQL SERVER 2000, система управления базами данных
_jУчебные издания
_92194032
_3RU\NLR\auth\661318734
686 _aЗ973.26-018.2-5-05я78-1
_2rubbk
686 _aЗ973.26-018.19SQL.я78-1
_2rubbk
686 _aЗ988.02-018.2я7
702 1 _aВшивцев
_bВ. Г.
_4340
801 0 _aRU
_bRuMoRKP
_c20040312
_gPSBO
801 1 _aRU
_bRuMoRKP
_c20040312
801 2 _aRU
_bNLR
_c20040709
_gPSBO
942 _cBOOK
980 _aNB